| 000 | 00469ntaaa2200193 4500 | ||
|---|---|---|---|
| 003 | 01 | ||
| 005 | 20251027200840.0 | ||
| 008 | 0714s1973 ag 01 | ||
| 040 |
_aAR-BaBN _bspa _cAR-BaBN _eaacr _dRIC |
||
| 082 | _a091 C12 | ||
| 100 |
_aCalderini, A. _94968 |
||
| 245 |
_aTratado de papirologia / _cA. Calderini |
||
| 250 | _a1 ed. | ||
| 260 |
_as/l : _bGarrida S.A., _c1963 |
||
| 300 | _a222 p | ||
| 650 |
_aPapiros _94969 |
||
| 650 |
_aPapirologia _94970 |
||
| 942 | _cBK | ||
| 999 |
_c2575 _d2575 |
||